| 000 | 00355cam a22001337a 4500 | ||
|---|---|---|---|
| 008 | 180718b1963 xxu||||| |||| 00| 0 eng d | ||
| 082 | _aA6x6 H439 | ||
| 100 | _aHerkovits, Melville J. | ||
| 245 |
_aHuman factor in changing Africa _cby Melville J. Herskovits |
||
| 260 |
_aLondon _bRougledge _c1963 |
||
| 300 | _a500p. | ||
| 500 | _a50/- | ||
| 650 | _aAfrica | ||
| 999 |
_c368281 _d368281 |
||